| 000 | 00764nam a2200253 i 4500 | ||
|---|---|---|---|
| 001 | 7532 | ||
| 003 | ES-MaACL | ||
| 005 | 20231229063001.0 | ||
| 007 | t| | ||
| 008 | 910128s1989 sp ||||1| spa d | ||
| 020 | _a84-320-4447-4 | ||
| 080 | _a32(46)"1982/1990" | ||
| 100 | 1 |
_aCierva, Ricardo de la, _d1926-2015 _938790 |
|
| 245 | 1 | 0 |
_aEspaña, la sociedad violada / _cRicardo de la Cierva. |
| 250 | _a1a ed. | ||
| 260 |
_aBarcelona : _bPlaneta, _c1989. |
||
| 300 |
_a345 p. : _bil. ; _c24 cm. |
||
| 490 | 1 |
_aDocumento ; _v264 |
|
| 500 | _aIndice onomastico. | ||
| 651 | 4 |
_aEspaña- _xPolítica y gobierno- _y1975- _9159606 |
|
| 830 | 0 |
_aDocumento ; _v264 _9177347 |
|
| 852 |
_aES-MaACL _jL-14731 _bR.118434 _z. - rust. |
||
| 999 |
_c7532 _d7532 |
||